书目信息 |
| 题名: |
行为经济学及其应用
|
|
| 作者: | 戴蒙德 , 瓦蒂艾宁 编著 ;贺京同 译 | |
| 分册: | ||
| 出版信息: | 北京 中国人民大学出版社 2013 |
|
| 页数: | 321页 | |
| 开本: | 24cm | |
| 丛书名: | 诺贝尔经济学奖获得者丛书 | |
| 单 册: | ||
| 中图分类: | F069.9 | |
| 科图分类: | ||
| 主题词: | 行为经济学 | |
| 电子资源: | ||
| ISBN: | 978-7-300-16953-8 | |
| 000 | 01311nam0 2200277 450 | |
| 001 | 5 | |
| 005 | 20140908151100.67 | |
| 010 | @a978-7-300-16953-8@dCNY49.00 | |
| 100 | @a20130325d2013 em y0chiy50 ea | |
| 101 | 1 | @achi@ceng |
| 102 | @aCN@b110000 | |
| 105 | @aa z 001yy | |
| 106 | @ar | |
| 200 | 1 | @a行为经济学及其应用@dBehavioral economics and its applications@f彼得·戴蒙德(Peter Diamond),汉努·瓦蒂艾宁(Hannu Vartiainen)编著@g贺京同等译@zeng |
| 210 | @a北京@c中国人民大学出版社@d2013 | |
| 215 | @a321页@c图@d24cm | |
| 225 | 1 | @a诺贝尔经济学奖获得者丛书 |
| 330 | @a本书共8章,第1章为导论;第2章论述了行为公共经济学,讨论了规范政策分析的新兴研究方法;第3章论述了行为发展经济学,重点介绍了行为观点在发展经济领域的潜在应用;第4章论述行为法经济学,阐释了行为法经济学的一些核心特征;第5章论述工资决策的研究;第6章论述了行为卫生经济学;第7章论述行为组织经济学,主要分析了行为经济学可用于对组织研究的原因,以及对与组织有关的经济问题的考察为何会丰富对人们的行为分析;第8章为小结。 | |
| 510 | 1 | @aBehavioral economics and its applications@zeng |
| 606 | 0 | @a行为经济学 |
| 690 | @aF069.9@v5 | |
| 701 | 0 | @g(美)@a戴蒙德@c(Diamond, Peter A.)@4编著 |
| 701 | 0 | @g(美)@a瓦蒂艾宁@c(Vartiainen, Hannu)@4编著 |
| 702 | 0 | @a贺京同@4译 |
| 801 | 0 | @aCN@bTANGWEI@c20140603 |
| 905 | @b0843151-53@dF069.9@e134@f3 | |
| 行为经济学及其应用=Behavioral economics and its applications/彼得·戴蒙德(Peter Diamond),汉努·瓦蒂艾宁(Hannu Vartiainen)编著/贺京同等译.-北京:中国人民大学出版社,2013 |
| 321页:图;24cm.-(诺贝尔经济学奖获得者丛书) |
| ISBN 978-7-300-16953-8:CNY49.00 |
| 本书共8章,第1章为导论;第2章论述了行为公共经济学,讨论了规范政策分析的新兴研究方法;第3章论述了行为发展经济学,重点介绍了行为观点在发展经济领域的潜在应用;第4章论述行为法经济学,阐释了行为法经济学的一些核心特征;第5章论述工资决策的研究;第6章论述了行为卫生经济学;第7章论述行为组织经济学,主要分析了行为经济学可用于对组织研究的原因,以及对与组织有关的经济问题的考察为何会丰富对人们的行为分析;第8章为小结。 |
| ● |
| 相关链接 |
|
|
|
|
正题名:行为经济学及其应用
索取号:F069.9/134
 
预约/预借
| 序号 | 登录号 | 条形码 | 馆藏地/架位号 | 状态 | 备注 |
| 1 | 0843151 | 208431516 | 第一样本阅览室/ [索取号:F069.9/134] | 在馆 | |
| 2 | 0843152 | 208431525 | 密集书库-海洋学院/ [索取号:F069.9/134] | 在馆 | |
| 3 | 0843153 | 208431534 | 第一借阅区/ [索取号:F069.9/134] | 在馆 |